000 01112nam a2200181 a 4500
090 _aIAVH
_b00678
041 _aspa
100 _aJiménez, Arturo
_992399
110 _bAsociación Red Colombiana de Reservas Naturales de la Sociedad Civil
_992400
245 _aLas Reservas Naturales de la Sociedad Civil y los Sistemas Nacionales, Regionales y Locales de Áreas Progegidas
260 _aBogotá
_bInstituto Alexander von Humboldt
_c2003
300 _a167 p.
520 _aEn este documento se busca presentar de manera sintética la experiencia de la RED y sus reservas asociadas en la construcción de dichos sistemas de áreas protegidas, exponiendo algunos criterios sobre el papel de las reservas naturales de la sociedad civil como parte de los sistemas de áreas protegidas, los aportes realizados hasta el momento, las oportunidades, dificultades y retos encontrados en la constucción y articulación de estos sistemas.
650 _aConservación
_992401
650 _aBiodiversidad
_992204
650 _aSistemas de áreas protegidas
_992402
650 _aReservas naturales de la sociedad civil
_911141
999 _c5885
_d5885